| 000 | 01444nam a2200337 a 4500 | ||
|---|---|---|---|
| 001 | 000021342 | ||
| 003 | DO-SdBNP | ||
| 005 | 20241030141145.0 | ||
| 007 | ta | ||
| 008 | 100906s2003 dr ac 001 0dspa d | ||
| 040 |
_aDO-SdBNP _bspa _cBNPHU |
||
| 082 | 4 |
_a928.61 _bO77t _222 |
|
| 100 | 1 |
_aOrtega Polanco, Francisco, _d1969- _938925 |
|
| 245 | 1 | 0 |
_aTestigos de excepción : _bperfiles del siglo XX en la República Dominicana / _cFrancisco Ortega Polanco ; prefacio María Ugarte. |
| 260 |
_aSanto Domingo : _bCorripio, _c2003. |
||
| 300 |
_a350 p. : _bil. ; retrs. ; _c23 cm. |
||
| 500 | _aIncluye datos biográficos del autor en la solapa de la cubierta. | ||
| 500 | _aIncluye referencias bibliográficas y notas al pie de las páginas | ||
| 504 | _aIncluye bibliografía y notas al pie de páginas. | ||
| 590 | _aInventariado, 2020/BT | ||
| 650 | 0 |
_aEnsayos dominicanos _ySiglo XX _965 |
|
| 650 | 4 |
_aIntelectuales _zRepública Dominicana _91721 |
|
| 650 | 4 |
_aCultura _zRepública Dominicana _91983 |
|
| 650 | 0 |
_aLiteratura dominicana. _zRepública Dominicana _967 |
|
| 650 | 4 |
_aArtistas _zRepública Dominicana _91349 |
|
| 651 | 4 |
_aRepública Dominicana _xPolítica y gobierno _91167 _vEnsayos, conferencias, etc. |
|
| 651 | 4 |
_aRepública Dominicana _xVida social y costumbres _938926 _vEnsayos, conferencias, etc. |
|
| 700 | 1 |
_aUgarte, María _d1914-2011 _epref. _924078 |
|
| 910 | _aValidado. Control de calidad EMS | ||
| 942 |
_2ddc _cLBS1 |
||
| 999 |
_c20842 _d20842 |
||